00449cam a22001572 4500001001100000005001700011008004100028020001700069040001500086100002900101245005300130250001200183260002900195300001700224650005000241000000378620151217154342.0070515s xx 000 0 eng d a071313688X : aKABUcKABU1 aHowe, David.@000014818110aData analysis for database design /cDavid Howe. a2nd ed. aLondon :bArnold,c1989. axiii, 317 p. 0aDatabase designxSystem analysis.@0000148182